000
00374nam a22001577a 4500
003
MPLRDC
005
20220104125603.0
008
210129b ||||| |||| 00| 0 eng d
082
_a
947.413 RSZ v.4
100
_a
刃森尊漫画
245
_a
破坏王. 四
_c
260
_a
_b
东立出版社有限公司
_c
300
_b
平
650
_a
942
_c
BK
_o
947.413 RSZ v.4
999
_c
28542
_d
28532